| Tag |
First Indicator |
Second Indicator |
Subfields |
| LEADER |
00000pam a2200000 a 4500 |
| 001 |
in00000103488 |
| 005 |
20150929180437.0 |
| 008 |
811203c1982 nyua b 00110 eng |
| 010 |
|
|
|a 81020567
|
| 020 |
|
|
|a 0812054059 :
|c $16.95
|
| 035 |
|
|
|a (OCoLC)08034109
|
| 035 |
|
|
|9 AAN2711AM
|
| 039 |
0 |
|
|a 2
|b 3
|c 3
|d 3
|e 3
|
| 040 |
|
|
|a DLC
|c DLC
|d TXA
|d UtOrBLW
|
| 041 |
1 |
|
|a eng
|h ita
|
| 049 |
|
|
|a TXAM
|c [1562176]
|
| 050 |
0 |
0 |
|a NK1535 M44
|b B513 1982
|
| 082 |
0 |
|
|a 747/.092/4
|2 19
|
| 100 |
1 |
|
|a Blaser, Werner,
|d 1924-
|
| 240 |
1 |
0 |
|a Design di Mies van der Rohe.
|l English
|
| 245 |
1 |
0 |
|a Mies van der Rohe, furniture and interiors /
|c Werner Blaser.
|
| 250 |
|
|
|a 1st U.S. ed.
|
| 264 |
|
1 |
|a Woodbury, N.Y. :
|b Barron's,
|c 1982
|
| 264 |
|
4 |
|c ©1980
|
| 300 |
|
|
|a 143 pages :
|b chiefly illustrations ;
|c 23 x 25 cm.
|
| 336 |
|
|
|a text
|b txt
|2 rdacontent
|
| 337 |
|
|
|a unmediated
|b n
|2 rdamedia
|
| 338 |
|
|
|a volume
|b nc
|2 rdacarrier
|
| 500 |
|
|
|a Translation of: Il design di Mies van der Rohe.
|
| 500 |
|
|
|a Includes index.
|
| 504 |
|
|
|a Bibliography: page 142.
|
| 600 |
1 |
0 |
|a Mies van der Rohe, Ludwig,
|d 1886-1969.
|
| 650 |
|
0 |
|a Design
|x History
|y 20th century.
|
| 700 |
1 |
|
|a Mies van der Rohe, Ludwig,
|d 1886-1969.
|
| 999 |
|
|
|a MARS
|
| 999 |
f |
f |
|s 0bb66b14-68c4-35a0-8b12-f27f3a1e4681
|i 3973a1da-05d2-3d16-b6c3-11a8d673e2dc
|t 0
|
| 952 |
f |
f |
|p normal
|a Texas A&M University
|b College Station
|c Sterling C. Evans Library
|d Evans: Library Stacks
|t 0
|e NK1535 M44 B513 1982
|h Library of Congress classification
|i unmediated -- volume
|m A14806276606
|
| 998 |
f |
f |
|a NK1535 M44 B513 1982
|t 0
|l Evans: Library Stacks
|